La calidad de la atención médica (Record no. 57800)

MARC details
000 -LEADER
campo de control de longitud fija 00654nam a2200193 i 4500
001 - NÚMERO DE CONTROL
campo de control 57800
003 - IDENTIFICADOR DE NÚMERO DE CONTROL
campo de control ES-MaACL
005 - FECHA Y HORA DE LA ÚLTIMA TRANSACCIÓN
campo de control 20230906163643.0
007 - CAMPO FIJO DE DESCRIPCIÓN FÍSICA--INFORMACIÓN GENERAL
campo de control de longitud fija t|
008 - DATOS DE LONGITUD FIJA--INFORMACIÓN GENERAL
campo de control de longitud fija 031017s1980 mx ||||1| spa d
020 ## - NÚMERO INTERNACIONAL ESTÁNDAR DEL LIBRO
Número Internacional Estándar del Libro 968-435-080-5
100 1# - ENTRADA PRINCIPAL--NOMBRE DE PERSONA
Nombre de persona Donabedian, Avedís.
9 (RLIN) 45270
245 13 - MENCIÓN DEL TÍTULO
Título La calidad de la atención médica
Resto del título : definición y métodos de evaluación /
Mención de responsabilidad, etc. Avedís Donabedian ; [traducción de Carolina Amor de Fournier].
260 ## - PUBLICACIÓN, DISTRIBUCIÓN, ETC.
Lugar de publicación, distribución, etc. México :
Nombre del editor, distribuidor, etc. La Prensa Médica Mexicana,
Fecha de publicación, distribución, etc. [1980]
300 ## - DESCRIPCIÓN FÍSICA
Extensión XXIII, 194 p. ;
Dimensiones 21 cm.
500 ## - NOTA GENERAL
Nota general Indices.
700 0# - ENTRADA AGREGADA--NOMBRE PERSONAL
Nombre de persona Amor de Fournier, Carolina.
9 (RLIN) 21291
852 ## - LOCALIZACIÓN
Ubicación ES-MaACL
Número de control de estantería L-10651
Sublocalización o colección R.112460
Holdings
Estatus retirado Estado de pérdida Estado de daño No para préstamo Biblioteca de origen Biblioteca actual Ubicación en estantería Fecha de adquisición Fuente de adquisición Total de préstamos Signatura topográfica completa Código de barras Visto por última vez Precio de reemplazo Tipo de ítem Koha
        Biblioteca del Ateneo de Madrid Biblioteca del Ateneo de Madrid Depósito 2 17/01/2008     L-10651 1060669 23/02/2023 23/02/2023 Libro impreso